|
|
|
|
| LEADER |
00000nas a2200000 i 4500 |
| 001 |
ssj0001637797 |
| 003 |
WaSeSS |
| 005 |
20200512172242.0 |
| 006 |
m d |
| 007 |
cr n |
| 008 |
150724c20169999enkfr pos 0 a0eng |
| 010 |
|
|
|a 2015202243
|
| 015 |
|
|
|a GBB6C7027
|2 bnb
|
| 016 |
7 |
|
|a 101676334
|2 DNLM
|
| 016 |
7 |
|
|a 017701243
|2 Uk
|
| 022 |
|
|
|a 2380-2359
|
| 035 |
|
|
|a (WaSeSS)ssj0001637797
|
| 037 |
|
|
|b Taylor & Francis, 4 Milton Park Square, Abingdon, Oxon, UK
|
| 040 |
|
|
|a DLC
|b eng
|e pn
|c DLC
|d DLC
|d CUS
|d PFM
|d OCLCO
|d OCLCF
|d OCLCA
|d NLM
|d OCLCO
|d NLM
|d CASUM
|d DLC
|d OCLCA
|d UKMGB
|d OCLCA
|d VT2
|d DLC
|d WaSeSS
|
| 042 |
|
|
|a pcc
|a nsdp
|
| 050 |
0 |
0 |
|a QP624.5.M58
|
| 060 |
0 |
0 |
|a W1
|
| 082 |
1 |
0 |
|a 572.86
|2 23
|
| 210 |
0 |
|
|a Mitochondrial DNA, Part B. Resour.
|
| 210 |
1 |
0 |
|a Mitochondrial DNA B Resour
|2 dnlm
|
| 222 |
|
0 |
|a Mitochondrial DNA. Part B. Resources
|
| 245 |
0 |
0 |
|a Mitochondrial DNA.
|n Part B.
|p Resources
|h [electronic resource].
|
| 246 |
1 |
|
|a Resources
|
| 246 |
1 |
|
|a Mitochondrial DNA. Part B. Resources
|
| 260 |
|
|
|a [Abingdon, Oxon, UK] :
|b Taylor & Francis,
|c [2016]-
|
| 310 |
|
|
|a Two issues per year
|
| 362 |
1 |
|
|a Began with Volume 1, Issue 1 (2016).
|
| 506 |
|
|
|a License restrictions may limit access.
|
| 515 |
|
|
|a Articles within an annual volume are added as received during the year.
|
| 580 |
|
|
|a Companion journal to: Mitochondrial DNA Part A.
|
| 588 |
|
|
|a Description based on: Volume 1, Issue 1 (2016); title from journal home page (Taylor & Francis website, viewed December 8, 2016).
|
| 588 |
|
|
|a Latest issue consulted: Volume 5, Issue 2 (2020) (Taylor & Francis website, viewed on March 25, 2020).
|
| 650 |
|
0 |
|a Mitochondrial DNA
|v Periodicals.
|
| 650 |
1 |
2 |
|a DNA, Mitochondrial.
|
| 650 |
2 |
2 |
|a Base Sequence.
|
| 650 |
|
7 |
|a Mitochondrial DNA.
|2 fast
|0 (OCoLC)fst01024018
|
| 655 |
|
0 |
|a Electronic journals.
|
| 780 |
0 |
1 |
|t Mitochondrial DNA
|x 1940-1736
|w (DLC) 2007213338
|w (OCoLC)173300868
|
| 787 |
0 |
8 |
|i Complemented by (work):
|t Mitochondrial DNA Part A DNA mapping, sequencing, and analysis
|x 2470-1408
|w (DLC) 2015203688
|w (OCoLC)933509234
|
| 850 |
|
|
|a DLC
|
| 856 |
4 |
0 |
|z Full text available from Research Library: 07/01/2018 to present
|u https://search.proquest.com/publication/3933403
|